000 01417nam a2200397 i 4500
001 13874
003 KOSZ 005
005 20200820084539.0
008 071112s1971 pl a f 001 0 pol
015 _aPB 1971/8584
040 _aWA N
_cWA N
_dKOSZ 005/KK
_dKOSZ 005/RW
046 _k1971
080 _a518
080 _a517
080 _a681.3
100 1 _aMoszyński, Krzysztof.
_eAutor.
245 1 0 _aRozwiązywanie równań różniczkowych zwyczajnych na maszynach cyfrowych /
_cKrzysztof Moszyński.
260 _aWarszawa :
_bWydawnictwa Naukowo-Techniczne,
_c1971.
300 _a167 stron :
_bilustracje ;
_c23 cm.
336 _aTekst
_btxt
_2rdacontent
337 _aBez urządzenia pośredniczącego
_bn
_2rdamedia
338 _aWolumin
_bnc
_2rdacarrier
380 _aKsiążki
388 _a1901-2000
490 1 _aPrzetwarzanie Informacji i Maszyny Matematyczne.
504 _aBibliografia na stronach [163]-164. Indeks.
658 _aMatematyka
658 _aInformatyka i technologie informacyjne
650 4 _aAnaliza numeryczna
650 4 _aRównania różniczkowe
650 4 _aKomputery
710 2 _aWydawnictwa Naukowo-Techniczne
_4pbl.
856 _uhttp://koha.tu.koszalin.pl/cgi-bin/koha/opac-detail.pl?biblionumber=13874
_yKatalog online BPK
830 0 _aPrzetwarzanie Informacji i Maszyny Matematyczne
942 _2UKD
_cKS
999 _c13874
_d13874